[Event "High League 2022 women"]
[Site "Obninsk"]
[Date "2022.06.29"]
[Round "4.13"]
[White "Shvedova, Alexandra"]
[Black "Yakimova, Mariya"]
[Result "0-1"]
[LiveChessVersion "1.4.7"]
[BlackElo "2201"]
[WhiteElo "2106"]

1. e4 {[%clk 1:30:57]} c5 {[%clk 1:30:56]} 2. Nf3 {[%clk 1:31:23]} Nc6
{[%clk 1:31:18]} 3. Nc3 {[%clk 1:31:35]} e6 {[%clk 1:30:19]} 4. d4
{[%clk 1:31:37]} cxd4 {[%clk 1:30:44]} 5. Nxd4 {[%clk 1:32:03]} Qc7
{[%clk 1:29:42]} 6. Be3 {[%clk 1:30:58]} a6 {[%clk 1:29:18]} 7. Qf3
{[%clk 1:29:04]} Ne5 {[%clk 1:28:38]} 8. Qg3 {[%clk 1:27:30]} h5 {[%clk 1:27:57]}
9. Bf4 {[%clk 1:09:13]} d6 {[%clk 1:27:57]} 10. h4 {[%clk 0:57:55]} Ng6
{[%clk 1:17:22]} 11. Bg5 {[%clk 0:56:22]} Nf6 {[%clk 1:16:43]} 12. O-O-O
{[%clk 0:55:08]} b5 {[%clk 1:14:13]} 13. Bxb5+ {[%clk 0:39:31]} axb5
{[%clk 1:13:00]} 14. Ndxb5 {[%clk 0:39:57]} Qb8 {[%clk 1:05:41]} 15. Nxd6+
{[%clk 0:35:06]} Bxd6 {[%clk 1:06:02]} 16. Qxd6 {[%clk 0:33:43]} Qxd6
{[%clk 1:04:38]} 17. Rxd6 {[%clk 0:34:08]} O-O {[%clk 1:02:10]} 18. Rhd1
{[%clk 0:29:55]} Ng4 {[%clk 0:57:10]} 19. f3 {[%clk 0:20:41]} N4e5
{[%clk 0:54:46]} 20. b3 {[%clk 0:18:38]} f6 {[%clk 0:54:30]} 21. Be3
{[%clk 0:19:00]} Nxh4 {[%clk 0:53:05]} 22. R1d2 {[%clk 0:18:45]} Kf7
{[%clk 0:43:06]} 23. a4 {[%clk 0:16:38]} g5 {[%clk 0:36:55]} 24. Nb5
{[%clk 0:14:49]} Nhxf3 {[%clk 0:27:06]} 25. gxf3 {[%clk 0:13:13]} Nxf3
{[%clk 0:27:32]} 26. Rf2 {[%clk 0:12:50]} g4 {[%clk 0:27:13]} 27. Rd1
{[%clk 0:07:49]} Kg6 {[%clk 0:23:23]} 28. Bc5 {[%clk 0:05:04]} Rh8
{[%clk 0:22:50]} 29. Rdf1 {[%clk 0:03:38]} Bb7 {[%clk 0:19:28]} 30. Nd6
{[%clk 0:02:34]} Bc6 {[%clk 0:19:44]} 31. Rg2 {[%clk 0:02:22]} Ng5
{[%clk 0:10:06]} 32. Bd4 {[%clk 0:00:54]} e5 {[%clk 0:09:17]} 33. Be3
{[%clk 0:01:09]} Nxe4 {[%clk 0:06:32]} 34. Nf5 {[%clk 0:01:25]} Rh7
{[%clk 0:05:52]} 35. Rgg1 {[%clk 0:00:50]} Kf7 {[%clk 0:04:33]} 36. c4
{[%clk 0:00:45]} Ke6 {[%clk 0:04:38]} 37. Nh4 {[%clk 0:00:38]} Rb7
{[%clk 0:03:07]} 38. Kc2 {[%clk 0:00:41]} Rab8 {[%clk 0:02:11]} 39. Rb1
{[%clk 0:00:37]} Nd6 {[%clk 0:02:11]} 40. Kc3 {[%clk 0:30:42]} Bxa4
{[%clk 0:31:30]} 41. b4 {[%clk 0:31:03]} Ne4+ {[%clk 0:30:20]} 42. Kd3
{[%clk 0:31:27]} Rd7+ {[%clk 0:30:24]} 0-1

[Event "High League 2022 women"]
[Site "Obninsk"]
[Date "2022.06.29"]
[Round "4.14"]
[White "Potapova, Margarita"]
[Black "Satanovskaia, Evgeniia"]
[Result "1-0"]
[LiveChessVersion "1.4.7"]
[BlackElo "1837"]
[WhiteElo "2216"]

1. d4 {[%clk 1:30:49]} Nf6 {[%clk 1:30:45]} 2. c4 {[%clk 1:31:11]} e6
{[%clk 1:31:11]} 3. Nc3 {[%clk 1:31:35]} d5 {[%clk 1:31:14]} 4. cxd5
{[%clk 1:31:47]} exd5 {[%clk 1:31:37]} 5. Bg5 {[%clk 1:32:10]} c6
{[%clk 1:28:04]} 6. e3 {[%clk 1:31:48]} Be7 {[%clk 1:27:52]} 7. Bd3
{[%clk 1:31:55]} Nbd7 {[%clk 1:23:59]} 8. Qc2 {[%clk 1:31:38]} Nh5
{[%clk 1:21:31]} 9. Bxe7 {[%clk 1:31:47]} Qxe7 {[%clk 1:21:53]} 10. Nge2
{[%clk 1:31:28]} g6 {[%clk 1:21:37]} 11. g4 {[%clk 1:08:41]} Ng7 {[%clk 1:18:46]}
12. O-O-O {[%clk 1:05:12]} Nb6 {[%clk 1:16:10]} 13. h3 {[%clk 1:02:41]} Bd7
{[%clk 1:09:10]} 14. Kb1 {[%clk 0:54:52]} O-O-O {[%clk 1:04:58]} 15. Nf4
{[%clk 0:48:07]} Kb8 {[%clk 1:03:50]} 16. Be2 {[%clk 0:48:14]} h5
{[%clk 1:01:22]} 17. Nd3 {[%clk 0:45:53]} Nc4 {[%clk 0:51:41]} 18. Nc5
{[%clk 0:45:14]} Bc8 {[%clk 0:51:12]} 19. Qb3 {[%clk 0:26:41]} Nd6
{[%clk 0:47:17]} 20. a4 {[%clk 0:23:58]} hxg4 {[%clk 0:41:18]} 21. hxg4
{[%clk 0:23:44]} Ne6 {[%clk 0:41:27]} 22. Nd3 {[%clk 0:20:32]} f6
{[%clk 0:32:24]} 23. Nb4 {[%clk 0:19:26]} Ka8 {[%clk 0:30:07]} 24. a5
{[%clk 0:18:25]} Bd7 {[%clk 0:25:55]} 25. a6 {[%clk 0:16:18]} Rxh1
{[%clk 0:10:15]} 26. Rxh1 {[%clk 0:16:14]} Ng5 {[%clk 0:09:19]} 27. Rc1
{[%clk 0:11:06]} Bc8 {[%clk 0:02:39]} 28. Ka1 {[%clk 0:10:17]} Ne6
{[%clk 0:01:13]} 29. Bd3 {[%clk 0:08:04]} f5 {[%clk 0:01:05]} 30. gxf5
{[%clk 0:08:14]} gxf5 {[%clk 0:01:32]} 31. Na4 {[%clk 0:08:30]} Qe8
{[%clk 0:00:55]} 32. Qa2 {[%clk 0:08:07]} Kb8 {[%clk 0:00:41]} 33. Qb3
{[%clk 0:06:46]} Ka8 {[%clk 0:01:07]} 34. Qc2 {[%clk 0:03:40]} Bd7
{[%clk 0:00:42]} 35. axb7+ {[%clk 0:03:50]} Nxb7 {[%clk 0:01:03]} 36. Bxf5
{[%clk 0:03:18]} Rc8 {[%clk 0:00:52]} 37. Nc3 {[%clk 0:01:53]} Qf8
{[%clk 0:00:41]} 38. Bxe6 {[%clk 0:01:42]} Bxe6 {[%clk 0:01:07]} 39. Nd3
{[%clk 0:01:42]} c5 {[%clk 0:01:09]} 40. Nf4 {[%clk 0:31:40]} Bf5
{[%clk 0:30:33]} 41. Qb3 {[%clk 0:24:49]} cxd4 {[%clk 0:27:07]} 42. exd4
{[%clk 0:23:30]} Qd6 {[%clk 0:26:04]} 43. Nfe2 {[%clk 0:22:01]} Rc4
{[%clk 0:08:02]} 44. Rg1 {[%clk 0:12:09]} Qa6+ {[%clk 0:04:49]} 45. Qa3
{[%clk 0:10:53]} Na5 {[%clk 0:03:49]} 46. Rg8+ {[%clk 0:08:11]} Bc8
{[%clk 0:00:31]} 47. Ka2 {[%clk 0:06:02]} Qe6 {[%clk 0:00:33]} 48. Rxc8+
{[%clk 0:04:53]} Rxc8 {[%clk 0:00:32]} 49. Qxa5 {[%clk 0:05:16]} Rf8
{[%clk 0:00:32]} 50. f4 {[%clk 0:04:37]} Rf5 {[%clk 0:00:33]} 51. Qb5
{[%clk 0:03:34]} Qc8 {[%clk 0:00:32]} 52. Ka1 {[%clk 0:02:43]} a6
{[%clk 0:00:33]} 53. Qa5 {[%clk 0:02:44]} Qc6 {[%clk 0:00:32]} 54. Na4
{[%clk 0:02:05]} Ka7 {[%clk 0:00:31]} 55. Qc5+ {[%clk 0:01:22]} Kb7
{[%clk 0:00:32]} 56. Qxc6+ {[%clk 0:01:27]} Kxc6 {[%clk 0:00:59]} 57. Nac3
{[%clk 0:01:46]} Rh5 {[%clk 0:00:39]} 58. Kb1 {[%clk 0:01:59]} Rh2
{[%clk 0:00:33]} 59. Kc2 {[%clk 0:02:08]} Kd6 {[%clk 0:00:32]} 60. Kd2
{[%clk 0:02:15]} Rh3 {[%clk 0:00:33]} 61. Na4 {[%clk 0:02:07]} a5
{[%clk 0:00:33]} 62. Nc5 {[%clk 0:01:26]} Ke7 {[%clk 0:00:32]} 63. Nc3
{[%clk 0:01:26]} Rh2+ {[%clk 0:00:35]} 64. Kc1 {[%clk 0:01:37]} Rf2
{[%clk 0:00:33]} 65. Nxd5+ {[%clk 0:01:53]} Kf7 {[%clk 0:00:34]} 66. Nd3
{[%clk 0:02:07]} Rf1+ {[%clk 0:00:50]} 67. Kc2 {[%clk 0:02:30]} Ke6
{[%clk 0:01:08]} 68. Ne3 {[%clk 0:02:36]} Ra1 {[%clk 0:00:44]} 69. Kc3
{[%clk 0:02:53]} Kd6 {[%clk 0:00:52]} 70. f5 {[%clk 0:02:58]} a4 {[%clk 0:01:03]}
71. Kb4 {[%clk 0:03:05]} Rg1 {[%clk 0:01:06]} 72. Kc3 {[%clk 0:02:51]} Ra1
{[%clk 0:01:30]} 73. d5 {[%clk 0:01:51]} Rh1 {[%clk 0:01:32]} 74. Nf2
{[%clk 0:01:08]} Rb1 {[%clk 0:00:33]} 75. Nfg4 {[%clk 0:00:38]} Kd7
{[%clk 0:00:32]} 76. f6 {[%clk 0:00:56]} Rc1+ {[%clk 0:00:50]} 77. Kb4
{[%clk 0:01:09]} Rb1 {[%clk 0:00:57]} 78. Nc4 {[%clk 0:01:28]} a3
{[%clk 0:00:57]} 79. Kxa3 {[%clk 0:01:45]} Rd1 {[%clk 0:00:33]} 80. Nge5+
{[%clk 0:02:05]} Ke8 {[%clk 0:00:40]} 81. d6 {[%clk 0:02:23]} Kf8
{[%clk 0:01:01]} 82. Kb4 {[%clk 0:02:39]} Rd5 {[%clk 0:01:09]} 83. Kc3
{[%clk 0:02:52]} Ke8 {[%clk 0:01:09]} 84. b4 {[%clk 0:03:00]} Kf8
{[%clk 0:01:29]} 85. d7 {[%clk 0:03:16]} Kg8 {[%clk 0:01:35]} 86. b5
{[%clk 0:03:34]} 1-0

[Event "High League 2022 women"]
[Site "Obninsk"]
[Date "2022.06.29"]
[Round "4.15"]
[White "Izbekova, Evdokia"]
[Black "Tomilova, Elena"]
[Result "1/2-1/2"]
[LiveChessVersion "1.4.7"]
[BlackElo "2278"]
[WhiteElo "1877"]

1. e4 {[%clk 1:30:59]} c5 {[%clk 1:30:54]} 2. Nf3 {[%clk 1:31:15]} d6
{[%clk 1:31:17]} 3. c3 {[%clk 1:31:27]} Nf6 {[%clk 1:31:24]} 4. h3
{[%clk 1:31:51]} g6 {[%clk 1:30:09]} 5. Bd3 {[%clk 1:31:40]} Bg7 {[%clk 1:30:29]}
6. Bc2 {[%clk 1:30:48]} e5 {[%clk 1:29:28]} 7. d4 {[%clk 1:21:43]} cxd4
{[%clk 1:28:49]} 8. cxd4 {[%clk 1:22:06]} exd4 {[%clk 1:29:11]} 9. Qxd4
{[%clk 1:18:59]} Nc6 {[%clk 1:26:50]} 10. Qe3 {[%clk 1:15:21]} O-O
{[%clk 1:22:17]} 11. O-O {[%clk 1:15:40]} Re8 {[%clk 1:19:09]} 12. Nc3
{[%clk 1:12:58]} Nb4 {[%clk 1:05:07]} 13. Bb1 {[%clk 0:59:30]} Nbd5
{[%clk 0:55:25]} 14. Nxd5 {[%clk 0:59:41]} Nxd5 {[%clk 0:55:53]} 15. Qb3
{[%clk 0:57:39]} Nf6 {[%clk 0:52:33]} 16. Ng5 {[%clk 0:48:11]} Qe7
{[%clk 0:41:05]} 17. Bf4 {[%clk 0:40:20]} Nh5 {[%clk 0:35:30]} 18. Be3
{[%clk 0:33:21]} h6 {[%clk 0:35:36]} 19. Nf3 {[%clk 0:32:56]} Nf6
{[%clk 0:32:35]} 20. Bd4 {[%clk 0:25:25]} Be6 {[%clk 0:30:24]} 21. Qe3
{[%clk 0:22:56]} Bd7 {[%clk 0:25:49]} 22. Re1 {[%clk 0:16:13]} a6
{[%clk 0:22:20]} 23. Bd3 {[%clk 0:16:00]} Bc6 {[%clk 0:22:41]} 24. Nd2
{[%clk 0:15:47]} Qd8 {[%clk 0:21:40]} 25. Bb6 {[%clk 0:15:02]} Qc8
{[%clk 0:20:17]} 26. Qf4 {[%clk 0:09:57]} Nd7 {[%clk 0:13:40]} 27. Nc4
{[%clk 0:09:12]} Re6 {[%clk 0:12:51]} 28. Ba5 {[%clk 0:06:37]} Nc5
{[%clk 0:08:21]} 29. Bc2 {[%clk 0:06:10]} Qf8 {[%clk 0:08:23]} 30. Rad1
{[%clk 0:06:02]} b5 {[%clk 0:06:57]} 31. b4 {[%clk 0:01:30]} Nb7 {[%clk 0:05:38]}
32. Nb6 {[%clk 0:01:47]} Rae8 {[%clk 0:05:39]} 33. Nd5 {[%clk 0:01:42]} Bxd5
{[%clk 0:05:44]} 34. Rxd5 {[%clk 0:02:08]} Be5 {[%clk 0:03:56]} 35. Qe3
{[%clk 0:01:46]} Rc8 {[%clk 0:03:55]} 36. Bb3 {[%clk 0:02:03]} Nxa5
{[%clk 0:03:43]} 37. bxa5 {[%clk 0:02:29]} Ree8 {[%clk 0:01:54]} 38. Qb6
{[%clk 0:02:22]} Bc3 {[%clk 0:02:11]} 39. Red1 {[%clk 0:02:14]} Bb4
{[%clk 0:01:37]} 40. e5 {[%clk 0:31:10]} Bc5 {[%clk 0:31:06]} 41. Qxa6
{[%clk 0:30:49]} Ra8 {[%clk 0:18:57]} 42. Qxb5 {[%clk 0:30:20]} Rab8
{[%clk 0:19:10]} 43. Qd3 {[%clk 0:22:13]} dxe5 {[%clk 0:17:57]} 44. Rd7
{[%clk 0:22:12]} e4 {[%clk 0:17:54]} 45. Qg3 {[%clk 0:22:37]} Rxb3
{[%clk 0:17:44]} 46. axb3 {[%clk 0:20:04]} e3 {[%clk 0:18:06]} 47. fxe3
{[%clk 0:13:32]} Rxe3 {[%clk 0:18:24]} 48. Qc7 {[%clk 0:13:16]} Re1+
{[%clk 0:16:16]} 49. Kh2 {[%clk 0:13:42]} Bg1+ {[%clk 0:15:40]} 50. Kh1
{[%clk 0:10:27]} Bb6+ {[%clk 0:13:16]} 51. Rxe1 {[%clk 0:10:53]} Bxc7
{[%clk 0:13:43]} 52. Rxc7 {[%clk 0:11:19]} Qb4 {[%clk 0:13:56]} 53. Re8+
{[%clk 0:10:53]} Kg7 {[%clk 0:14:25]} 54. Ree7 {[%clk 0:11:15]} Qxa5
{[%clk 0:13:53]} 55. Rxf7+ {[%clk 0:11:40]} Kg8 {[%clk 0:14:18]} 56. Rfe7
{[%clk 0:08:40]} Kf8 {[%clk 0:14:08]} 57. Rb7 {[%clk 0:07:58]} Qc3
{[%clk 0:14:04]} 58. Rf7+ {[%clk 0:07:03]} Kg8 {[%clk 0:13:34]} 59. Rg7+
{[%clk 0:06:36]} Kf8 {[%clk 0:13:34]} 60. Rgf7+ {[%clk 0:04:43]} Kg8
{[%clk 0:13:56]} 61. Rf1 {[%clk 0:04:57]} h5 {[%clk 0:13:07]} 62. Rd1
{[%clk 0:04:11]} Qc8 {[%clk 0:11:07]} 63. Rbd7 {[%clk 0:04:05]} Qc5
{[%clk 0:11:07]} 64. R1d4 {[%clk 0:01:40]} Qc1+ {[%clk 0:10:41]} 65. Kh2
{[%clk 0:02:07]} Qe3 {[%clk 0:10:43]} 66. Rd8+ {[%clk 0:01:59]} Kg7
{[%clk 0:10:57]} 67. R4d7+ {[%clk 0:00:47]} 1/2-1/2

[Event "High League 2022 women"]
[Site "Obninsk"]
[Date "2022.06.29"]
[Round "4.16"]
[White "Kuznetsova, Marina"]
[Black "Borisova, Ekaterina"]
[Result "1/2-1/2"]
[LiveChessVersion "1.4.7"]
[BlackElo "2233"]
[WhiteElo "2043"]

1. e4 {[%clk 1:30:58]} c5 {[%clk 1:30:40]} 2. Nc3 {[%clk 1:31:22]} Nc6
{[%clk 1:30:56]} 3. Bb5 {[%clk 1:31:43]} e6 {[%clk 1:30:50]} 4. Bxc6
{[%clk 1:31:59]} bxc6 {[%clk 1:31:13]} 5. d3 {[%clk 1:32:04]} e5 {[%clk 1:29:32]}
6. f4 {[%clk 1:29:46]} exf4 {[%clk 1:27:25]} 7. Bxf4 {[%clk 1:29:02]} d6
{[%clk 1:27:14]} 8. Nf3 {[%clk 1:28:28]} Ne7 {[%clk 1:27:22]} 9. O-O
{[%clk 1:25:12]} Ng6 {[%clk 1:27:31]} 10. Bg3 {[%clk 1:21:23]} Be7
{[%clk 1:26:12]} 11. Na4 {[%clk 1:18:11]} O-O {[%clk 1:22:30]} 12. Kh1
{[%clk 1:05:46]} Bf6 {[%clk 1:12:58]} 13. Rb1 {[%clk 0:58:04]} Re8
{[%clk 1:10:26]} 14. b3 {[%clk 0:55:33]} h5 {[%clk 1:05:11]} 15. h3
{[%clk 0:50:19]} h4 {[%clk 0:58:49]} 16. Bh2 {[%clk 0:50:06]} Qe7
{[%clk 0:57:54]} 17. Qd2 {[%clk 0:42:49]} Bd7 {[%clk 0:56:35]} 18. Rbe1
{[%clk 0:40:58]} Ne5 {[%clk 0:56:33]} 19. Qf2 {[%clk 0:34:23]} Nxf3
{[%clk 0:37:22]} 20. Qxf3 {[%clk 0:34:45]} Bg5 {[%clk 0:37:42]} 21. e5
{[%clk 0:24:53]} d5 {[%clk 0:35:19]} 22. Nxc5 {[%clk 0:22:45]} Qxc5
{[%clk 0:27:00]} 23. Qxf7+ {[%clk 0:23:08]} Kh8 {[%clk 0:27:22]} 24. Qxd7
{[%clk 0:23:05]} Qxc2 {[%clk 0:27:33]} 25. Rf7 {[%clk 0:13:34]} Qd2
{[%clk 0:27:40]} 26. Ref1 {[%clk 0:13:37]} Qxd3 {[%clk 0:27:54]} 27. Qg4
{[%clk 0:10:43]} Bh6 {[%clk 0:24:36]} 28. Qxh4 {[%clk 0:09:00]} Re6
{[%clk 0:24:47]} 29. Qf2 {[%clk 0:06:09]} Rae8 {[%clk 0:21:31]} 30. Qxa7
{[%clk 0:04:58]} d4 {[%clk 0:21:46]} 31. Qd7 {[%clk 0:03:53]} R8e7
{[%clk 0:20:02]} 32. Qd8+ {[%clk 0:03:00]} Kh7 {[%clk 0:19:11]} 33. R7f3
{[%clk 0:02:25]} Qe4 {[%clk 0:19:26]} 34. b4 {[%clk 0:01:00]} Be3
{[%clk 0:17:32]} 35. a3 {[%clk 0:00:40]} Ra7 {[%clk 0:16:14]} 36. Qc8
{[%clk 0:00:39]} Rg6 {[%clk 0:16:26]} 37. Qf5 {[%clk 0:00:34]} Qxf5
{[%clk 0:16:44]} 38. Rxf5 {[%clk 0:01:00]} Rxa3 {[%clk 0:17:09]} 39. Rh5+
{[%clk 0:00:41]} Kg8 {[%clk 0:17:21]} 40. Bf4 {[%clk 0:30:33]} Bxf4
{[%clk 0:45:47]} 41. Rxf4 {[%clk 0:30:58]} Ra1+ {[%clk 0:46:15]} 42. Kh2
{[%clk 0:31:20]} Ra2 {[%clk 0:46:44]} 43. Rg4 {[%clk 0:30:15]} Rxg4
{[%clk 0:44:58]} 44. hxg4 {[%clk 0:30:41]} d3 {[%clk 0:36:25]} 45. Rf5
{[%clk 0:28:16]} Re2 {[%clk 0:30:13]} 46. Rf3 {[%clk 0:26:58]} d2
{[%clk 0:30:37]} 47. Rd3 {[%clk 0:27:21]} Kf7 {[%clk 0:31:01]} 48. Rd6
{[%clk 0:27:09]} Ke7 {[%clk 0:30:07]} 49. Kg3 {[%clk 0:25:58]} Rxe5
{[%clk 0:30:18]} 50. Rxd2 {[%clk 0:26:24]} Re4 {[%clk 0:30:45]} 51. Rb2
{[%clk 0:22:51]} Kd6 {[%clk 0:31:09]} 52. Kf3 {[%clk 0:20:26]} Rd4
{[%clk 0:30:30]} 53. Ke3 {[%clk 0:16:16]} Rxg4 {[%clk 0:30:56]} 54. b5
{[%clk 0:16:33]} cxb5 {[%clk 0:30:26]} 55. Rxb5 {[%clk 0:16:53]} Rxg2
{[%clk 0:30:53]} 56. Kf3 {[%clk 0:17:13]} Rg1 {[%clk 0:31:11]} 57. Kf2
{[%clk 0:17:09]} Rc1 {[%clk 0:30:35]} 58. Rg5 {[%clk 0:16:20]} Rc7
{[%clk 0:30:59]} 59. Kg3 {[%clk 0:15:59]} Ke6 {[%clk 0:31:25]} 60. Kg2
{[%clk 0:15:24]} Kf6 {[%clk 0:31:48]} 61. Ra5 {[%clk 0:15:48]} Re7
{[%clk 0:31:52]} 62. Kg3 {[%clk 0:15:50]} Re6 {[%clk 0:31:54]} 63. Kf4
{[%clk 0:15:52]} Re1 {[%clk 0:32:09]} 64. Ra6+ {[%clk 0:16:09]} Kf7
{[%clk 0:32:34]} 65. Kg3 {[%clk 0:15:03]} Rg1+ {[%clk 0:32:53]} 66. Kf3
{[%clk 0:13:52]} Kg8 {[%clk 0:32:55]} 67. Kf2 {[%clk 0:13:58]} Rg5
{[%clk 0:33:16]} 68. Kf3 {[%clk 0:14:00]} Kh7 {[%clk 0:33:42]} 69. Rb6
{[%clk 0:13:51]} g6 {[%clk 0:33:13]} 70. Rb1 {[%clk 0:13:40]} Kh6
{[%clk 0:33:18]} 71. Rh1+ {[%clk 0:13:59]} Rh5 {[%clk 0:33:20]} 72. Rg1
{[%clk 0:14:09]} Rh4 {[%clk 0:33:37]} 73. Kg3 {[%clk 0:14:05]} Kh5
{[%clk 0:33:37]} 74. Ra1 {[%clk 0:14:28]} Rg4+ {[%clk 0:33:46]} 75. Kh3
{[%clk 0:14:51]} Rg5 {[%clk 0:34:08]} 76. Rc1 {[%clk 0:14:55]} Rd5
{[%clk 0:34:17]} 77. Ra1 {[%clk 0:13:33]} Rd3+ {[%clk 0:32:57]} 78. Kg2
{[%clk 0:13:51]} Re3 {[%clk 0:33:05]} 79. Ra4 {[%clk 0:13:58]} Rb3
{[%clk 0:33:26]} 80. Rc4 {[%clk 0:13:57]} Rb5 {[%clk 0:33:50]} 81. Ra4
{[%clk 0:13:16]} Rg5+ {[%clk 0:34:13]} 82. Kh3 {[%clk 0:12:48]} Rg1
{[%clk 0:34:39]} 83. Ra5+ {[%clk 0:13:04]} Rg5 {[%clk 0:34:45]} 84. Ra4
{[%clk 0:13:19]} Rb5 {[%clk 0:35:07]} 85. Kg3 {[%clk 0:13:40]} Kg5
{[%clk 0:35:01]} 86. Rg4+ {[%clk 0:13:52]} Kf6 {[%clk 0:35:26]} 87. Rf4+
{[%clk 0:14:17]} Kg7 {[%clk 0:35:44]} 88. Ra4 {[%clk 0:14:35]} Rg5+
{[%clk 0:35:36]} 89. Kf3 {[%clk 0:13:51]} Kh6 {[%clk 0:35:52]} 90. Rh4+
{[%clk 0:13:44]} Rh5 {[%clk 0:36:17]} 91. Kg4 {[%clk 0:13:12]} Rxh4+
{[%clk 0:36:36]} 92. Kxh4 {[%clk 0:13:38]} g5+ {[%clk 0:37:03]} 93. Kg4
{[%clk 0:14:03]} Kg6 {[%clk 0:37:32]} 94. Kg3 {[%clk 0:14:27]} Kf5
{[%clk 0:38:00]} 95. Kf3 {[%clk 0:14:45]} Ke5 {[%clk 0:38:27]} 96. Kg4
{[%clk 0:15:05]} Kf6 {[%clk 0:38:54]} 97. Kg3 {[%clk 0:15:28]} Kg7
{[%clk 0:39:21]} 98. Kg4 {[%clk 0:15:46]} Kg6 {[%clk 0:39:49]} 99. Kg3
{[%clk 0:16:04]} Kh5 {[%clk 0:40:15]} 100. Kh3 {[%clk 0:16:30]} g4+
{[%clk 0:40:43]} 101. Kg3 {[%clk 0:16:55]} Kg5 {[%clk 0:41:11]} 102. Kg2
{[%clk 0:17:17]} Kf4 {[%clk 0:41:37]} 103. Kf2 {[%clk 0:17:44]} g3+
{[%clk 0:42:04]} 104. Kg2 {[%clk 0:18:11]} Kg4 {[%clk 0:42:30]} 105. Kg1
{[%clk 0:18:33]} Kf5 {[%clk 0:42:58]} 106. Kg2 {[%clk 0:18:55]} Kf4
{[%clk 0:43:24]} 107. Kg1 {[%clk 0:19:19]} Kf3 {[%clk 0:43:51]} 108. Kf1
{[%clk 0:19:42]} g2+ {[%clk 0:44:15]} 109. Kg1 {[%clk 0:20:08]} Kg3
{[%clk 0:44:43]} 1/2-1/2

[Event "High League 2022 women"]
[Site "Obninsk"]
[Date "2022.06.29"]
[Round "4.17"]
[White "Nur-Mukhametova, Alisa"]
[Black "Dorokhina, Elizaveta"]
[Result "1-0"]
[LiveChessVersion "1.4.7"]
[BlackElo "2045"]
[WhiteElo "2172"]

1. Nf3 {[%clk 1:30:50]} Nf6 {[%clk 1:30:02]} 2. c4 {[%clk 1:31:10]} b6
{[%clk 1:28:19]} 3. d3 {[%clk 1:29:57]} d6 {[%clk 1:24:20]} 4. Nc3
{[%clk 1:25:52]} e5 {[%clk 1:21:19]} 5. g3 {[%clk 1:25:34]} Bb7 {[%clk 1:21:19]}
6. Bg2 {[%clk 1:26:01]} g6 {[%clk 1:15:17]} 7. O-O {[%clk 1:25:58]} Bg7
{[%clk 1:15:37]} 8. e4 {[%clk 1:22:48]} O-O {[%clk 1:12:01]} 9. Ne1
{[%clk 1:15:55]} Nc6 {[%clk 1:01:01]} 10. f4 {[%clk 1:12:06]} exf4
{[%clk 0:55:57]} 11. Bxf4 {[%clk 1:08:42]} Nd7 {[%clk 0:55:36]} 12. Qd2
{[%clk 1:05:13]} Nc5 {[%clk 0:49:08]} 13. Bg5 {[%clk 1:02:44]} f6
{[%clk 0:40:33]} 14. Be3 {[%clk 1:01:27]} Ne5 {[%clk 0:36:30]} 15. Qe2
{[%clk 0:50:22]} Ncd7 {[%clk 0:33:15]} 16. d4 {[%clk 0:49:01]} Nf7
{[%clk 0:33:37]} 17. Nd3 {[%clk 0:45:50]} Re8 {[%clk 0:28:38]} 18. Nf4
{[%clk 0:37:10]} Nf8 {[%clk 0:16:47]} 19. Qf2 {[%clk 0:30:20]} c6
{[%clk 0:13:07]} 20. Rad1 {[%clk 0:29:19]} Qc7 {[%clk 0:12:13]} 21. b3
{[%clk 0:27:19]} Rad8 {[%clk 0:11:20]} 22. Bc1 {[%clk 0:24:01]} Ne6
{[%clk 0:09:25]} 23. Nxe6 {[%clk 0:17:02]} Rxe6 {[%clk 0:09:50]} 24. Bb2
{[%clk 0:16:24]} Ree8 {[%clk 0:09:16]} 25. d5 {[%clk 0:13:54]} Ne5
{[%clk 0:09:33]} 26. Bh3 {[%clk 0:12:49]} c5 {[%clk 0:07:25]} 27. Ne2
{[%clk 0:11:13]} g5 {[%clk 0:06:34]} 28. Bf5 {[%clk 0:08:25]} Bc8
{[%clk 0:06:47]} 29. h3 {[%clk 0:07:44]} Bxf5 {[%clk 0:05:39]} 30. Qxf5
{[%clk 0:07:35]} h5 {[%clk 0:05:29]} 31. Nc1 {[%clk 0:06:14]} Qd7
{[%clk 0:05:29]} 32. Rde1 {[%clk 0:05:50]} Qxf5 {[%clk 0:05:31]} 33. Rxf5
{[%clk 0:05:18]} Rd7 {[%clk 0:02:28]} 34. Bxe5 {[%clk 0:05:02]} Rxe5
{[%clk 0:02:52]} 35. Nd3 {[%clk 0:04:49]} Re8 {[%clk 0:02:21]} 36. h4
{[%clk 0:03:09]} gxh4 {[%clk 0:02:10]} 37. gxh4 {[%clk 0:03:09]} Rde7
{[%clk 0:02:35]} 38. Nf2 {[%clk 0:02:20]} Re5 {[%clk 0:02:58]} 39. Kf1
{[%clk 0:01:31]} Kh7 {[%clk 0:02:26]} 40. Re2 {[%clk 0:31:03]} Kg6
{[%clk 0:32:16]} 41. Kg2 {[%clk 0:28:39]} Bh6 {[%clk 0:31:13]} 42. Kf3
{[%clk 0:28:17]} Rg8 {[%clk 0:29:18]} 43. Nh1 {[%clk 0:23:24]} Rge8
{[%clk 0:13:52]} 44. Rg2+ {[%clk 0:22:47]} Kh7 {[%clk 0:11:55]} 45. Ng3
{[%clk 0:21:56]} Rxf5+ {[%clk 0:11:27]} 46. Nxf5 {[%clk 0:22:23]} Rd8
{[%clk 0:11:00]} 47. Rg1 {[%clk 0:18:55]} Rd7 {[%clk 0:10:18]} 48. Rg2
{[%clk 0:14:16]} Bc1 {[%clk 0:09:16]} 49. Ng3 {[%clk 0:13:20]} Kh6
{[%clk 0:07:23]} 50. Ne2 {[%clk 0:13:24]} Bb2 {[%clk 0:07:30]} 51. Rg8
{[%clk 0:12:33]} Be5 {[%clk 0:06:56]} 52. Nf4 {[%clk 0:11:57]} Kh7
{[%clk 0:06:51]} 53. Re8 {[%clk 0:10:58]} Kh6 {[%clk 0:04:33]} 54. Rh8+
{[%clk 0:10:26]} Kg7 {[%clk 0:04:57]} 55. Rxh5 {[%clk 0:10:35]} Bxf4
{[%clk 0:04:47]} 56. Kxf4 {[%clk 0:10:52]} Re7 {[%clk 0:05:14]} 57. Ke3
{[%clk 0:08:40]} Kg6 {[%clk 0:04:58]} 58. Rf5 {[%clk 0:08:48]} Rh7
{[%clk 0:05:14]} 59. Rf4 {[%clk 0:08:51]} Rh5 {[%clk 0:05:30]} 60. Kf3
{[%clk 0:07:48]} Kf7 {[%clk 0:02:51]} 61. Rg4 {[%clk 0:04:13]} Rh8
{[%clk 0:02:31]} 62. Kg3 {[%clk 0:04:04]} Rh5 {[%clk 0:02:41]} 63. Rf4
{[%clk 0:03:59]} Re5 {[%clk 0:02:42]} 64. Kg4 {[%clk 0:03:27]} a6
{[%clk 0:01:58]} 65. a4 {[%clk 0:02:21]} a5 {[%clk 0:02:03]} 66. Kf3
{[%clk 0:01:45]} Kg6 {[%clk 0:01:49]} 67. Rf5 {[%clk 0:00:53]} Re8
{[%clk 0:02:04]} 68. h5+ {[%clk 0:00:49]} Kf7 {[%clk 0:02:30]} 69. h6
{[%clk 0:00:33]} Kg6 {[%clk 0:02:42]} 70. Rf4 {[%clk 0:00:35]} Re5
{[%clk 0:00:51]} 71. Rg4+ {[%clk 0:00:31]} Kxh6 {[%clk 0:01:01]} 72. Rg8
{[%clk 0:00:45]} Rh5 {[%clk 0:00:44]} 73. Kg4 {[%clk 0:00:53]} Re5
{[%clk 0:00:38]} 74. Kf4 {[%clk 0:01:22]} Re7 {[%clk 0:00:35]} 75. Rd8
{[%clk 0:01:30]} Kg7 {[%clk 0:00:31]} 76. Rxd6 {[%clk 0:01:51]} Rb7
{[%clk 0:00:59]} 77. Kf5 {[%clk 0:02:07]} Kf8 {[%clk 0:00:42]} 78. Rxf6+
{[%clk 0:02:10]} Ke8 {[%clk 0:01:06]} 79. e5 {[%clk 0:02:26]} 1-0